Economics-I (Record no. 88702)

MARC details
000 -LEADER
fixed length control field 00521nam a22001817a 4500
005 - DATE AND TIME OF LATEST TRANSACTION
control field 20140917121250.0
010 ## - LCCN (DPL NO)
LC control number ENG-110872
020 ## - INTERNATIONAL STANDARD BOOK NUMBER
International Standard Book Number 9789351431787
Terms of availability 140.00
035 ## - SYSTEM CONTROL NUMBER
System control number EN-94404
037 ## - SOURCE OF ACQUISITION
Source of stock number/acquisition DBAD/PUB
082 ## - DEWEY DECIMAL CLASSIFICATION NUMBER
Classification number 330
245 ## - TITLE STATEMENT
Title Economics-I
260 ## - PUBLICATION, DISTRIBUTION, ETC. (IMPRINT)
Place of publication, distribution, etc Gurgaon
Name of publisher, distributor, etc Lexis Nexis
Date of publication, distribution, etc 2014
270 ## - ADDRESS
Address 14th Floor, Building No.10, Tower-B, DLF Cyber City, Phase-II
City Gurgaon
Postal code 122002
300 ## - PHYSICAL DESCRIPTION
Extent ix,98p.
Dimensions 22cm(pbk)
490 ## - SERIES STATEMENT
Series statement Quick reference guide series
942 ## - ADDED ENTRY ELEMENTS (KOHA)
Source of classification or shelving scheme Dewey Decimal Classification
Item type English Books
Call number suffix ECO
Classification part 330
Holdings
Withdrawn status Lost status Not for loan Collection code Home library Current library Date acquired Source of acquisition Cost, normal purchase price Full call number Barcode Copy number Cost, replacement price Koha item type
    Not For Loan Non-fiction D.B.Act.Division D.B.Act.Division 16/09/2014 DBAD/PUB 140.00 330 ECO EN-94404 1 140.00 English Books

© Delhi Public Library
Hit Counter
free hit counter